Quizzes
Events
Quiz Creation
Community
Videos
Private Events
Remove Ads
Sign In
Join for FREE
Feedback
Dark Mode
Quiz Categories
Sports
Geography
Music
Movies
Television
Just For Fun
Miscellaneous
History
Literature
Language
Science
Gaming
Entertainment
Religion
Holiday
For Kids
Quiz Lab
Recent
Popular Today
Quiz Kudos Today
Editor Picks
Curator Picks
Quizzes by...
Day
Popularity
Type
Ratings
Length
Year
Community
Subscriptions
Recent Discussions
Orange Saloon
Badges
Playlists
Quests
Create
Leaderboards
Showdown
Live 5
Trivia Bingo
Activity
Puzzle Library
Sporcle Events
Private Events
Virtual Trivia
Globe League
Become a Host
Pub Owners
SporcleCon
Opinionation
Our Games
Videos
Blog
Mobile Apps
Partnerships
Remove Ads and Go Orange
Feedback
Music
Pop Music
The Beatles
Song
Album
Lyrics
Bands
Singers
Artist
Clip
Rock
Rap
Classical
Billboard
Country Music
Kpop
Taylor Swift
Music
Pop Music
The Beatles
Song
Album
Lyrics
Bands
Singers
Artist
Clip
Rock
Rap
Classical
Billboard
Country Music
Kpop
Taylor Swift
Random Quiz
Search Sporcle
×
Quiz Lab
Quiz Lab
Music
fire
Type in answers that appear in a list
Type in answers that appear in a list
Classic
Best Score? Go Orange.
Words to 'We didn't start the fire' Stats
Can you name the Words to 'We didn't start the fire'?
By
BlackPanther123
15m
266 Questions
43 Plays
43 Plays
43 Plays
Comments
Comments
Give Quiz Kudos
Give Quiz Kudos
-
- Ratings
hide this ad
Replay
Link that replays current quiz
Next Quiz
Link to next quiz in quiz playlist
You Got
0%
They Got
Avg Score
46%
Avg Friend Score
Upgrade to see
Score Distribution
Jump to the score distribution portion of the page
Score
0/266
Timer
15:00
0
Plays Today
Hint
Answer
% Correct
33
The
97.7%
35
And
97.7%
37
And
97.7%
38
The
97.7%
41
The
97.7%
47
A
97.7%
58
And
97.7%
76
The
97.7%
83
A
97.7%
104
The
97.7%
118
The
97.7%
145
a
97.7%
152
And
97.7%
159
The
97.7%
165
a
97.7%
225
the
97.7%
251
the
97.7%
258
and
97.7%
198
do
93%
206
chi
90.7%
4
Day
86%
6
China
86%
9
South
86%
13
Joe
86%
15
Joe
86%
21
North
86%
22
Korea
86%
23
South
86%
24
Korea
86%
26
Monroe
86%
146
no
86%
5
Red
83.7%
18
Nixon
83.7%
209
nixon
83.7%
17
Richard
81.4%
25
Marilyn
81.4%
40
In
81.4%
103
In
81.4%
147
go
81.4%
158
In
81.4%
164
in
81.4%
208
richard
81.4%
228
in
81.4%
231
in
81.4%
1
Harry
79.1%
2
Truman
79.1%
182
john
79.1%
8
Ray
76.7%
10
Pacific
76.7%
30
Ray
76.7%
46
Got
72.1%
74
Rock
72.1%
82
Got
72.1%
107
Rock
72.1%
193
jfk
72.1%
219
rock
72.1%
257
rock
72.1%
14
DiMaggio
69.8%
201
to
69.8%
20
Television
67.4%
196
what
67.4%
197
else
67.4%
200
have
67.4%
202
say
67.4%
205
Ho
67.4%
7
Johnny
65.1%
39
Catcher
65.1%
42
Rye
65.1%
131
Of
65.1%
171
of
65.1%
175
of
65.1%
234
of
65.1%
123
De
62.8%
194
blown
62.8%
195
away
62.8%
34
King
60.5%
49
Queen
60.5%
114
En
60.5%
177
british
60.5%
48
New
58.1%
85
Team
58.1%
3
Dorris
55.8%
16
McCarthy
55.8%
45
England's
55.8%
84
Winning
55.8%
130
Children
55.8%
210
back
55.8%
211
again
55.8%
19
Studebaker
53.5%
Hint
Answer
% Correct
117
On
53.5%
224
on
53.5%
250
on
53.5%
260
cola
53.5%
265
it
53.5%
81
Brooklyn's
51.2%
261
wars
51.2%
11
Walter
48.8%
75
Around
48.8%
77
Clock
48.8%
90
Elvis
48.8%
93
Land
48.8%
137
Space
48.8%
144
Is
48.8%
167
land
48.8%
207
minh
48.8%
256
law
48.8%
79
James
46.5%
80
Dean
46.5%
91
Presley
46.5%
92
Disney
46.5%
133
Buddy
46.5%
134
Holly
46.5%
135
Ben
46.5%
138
Monkey
46.5%
216
water
46.5%
89
Pan
44.2%
153
Kennedy
44.2%
160
Congo
44.2%
192
sex
44.2%
12
Winchell
41.9%
62
Communist
41.9%
63
Bloc
41.9%
126
Baseball
41.9%
166
strange
41.9%
263
can't
41.9%
264
take
41.9%
29
Sugar
39.5%
43
Eisenhower
39.5%
44
Vaccine
39.5%
122
Charles
39.5%
139
Mafia
39.5%
163
stranger
39.5%
169
berlin
39.5%
218
punk
39.5%
266
anymore
39.5%
36
I
37.2%
88
Peter
37.2%
102
Trouble
37.2%
125
California
37.2%
143
Edsel
37.2%
157
Belgians
37.2%
199
i
37.2%
217
gate
37.2%
230
russians
37.2%
262
i
37.2%
28
H-bomb
34.9%
53
Goodbye
34.9%
78
Einstein
34.9%
105
Suez
34.9%
170
bay
34.9%
172
pigs
34.9%
188
paul
34.9%
191
politician
34.9%
212
moon
34.9%
214
wood
34.9%
221
reagan
34.9%
245
aids
34.9%
252
shore
34.9%
259
roller
34.9%
32
Brando
32.6%
109
mickey
32.6%
116
Bridge
32.6%
141
Hoops
32.6%
142
Castro
32.6%
176
arabia
32.6%
215
stock
32.6%
222
palestine
32.6%
223
terror
32.6%
226
airline
32.6%
238
heavy
32.6%
55
Stalin
30.2%
95
Budapest
30.2%
96
Alabama
30.2%
110
mantle
30.2%
119
River
30.2%
140
Hula
30.2%
154
Chubby
30.2%
173
invasion
30.2%
Hint
Answer
% Correct
174
lawrence
30.2%
183
glenn
30.2%
232
Afghanistan
30.2%
239
metal
30.2%
246
crack
30.2%
249
hypodermics
30.2%
254
under
30.2%
255
martial
30.2%
106
Little
27.9%
112
Sputnik
27.9%
132
thalidomide
27.9%
155
Checker
27.9%
156
Psycho
27.9%
168
dylan
27.9%
181
miss
27.9%
187
pope
27.9%
229
iran
27.9%
236
sally
27.9%
237
ride
27.9%
240
suicide
27.9%
243
homeless
27.9%
244
vets
27.9%
31
Panmunjom
25.6%
71
Bien
25.6%
73
Falls
25.6%
86
Davy
25.6%
179
mania
25.6%
180
ole
25.6%
213
shot
25.6%
27
Rosenbergs
23.3%
51
Liberace
23.3%
54
Joseph
23.3%
64
Roy
23.3%
87
Crockett
23.3%
98
Princess
23.3%
99
Grace
23.3%
120
Kwai
23.3%
129
homicide
23.3%
185
beats
23.3%
186
patterson
23.3%
189
malcolm x
23.3%
233
wheel
23.3%
241
foreign
23.3%
242
debts
23.3%
247
bernie
23.3%
253
China's
23.3%
57
Nasser
20.9%
70
Dien
20.9%
72
Phu
20.9%
184
liston
20.9%
203
Birth
20.9%
204
control
20.9%
235
fortune
20.9%
60
Rockefeller
18.6%
65
Cohn
18.6%
69
Dacron
18.6%
108
pasternak
18.6%
124
Gaulle
18.6%
127
Stark
18.6%
248
Goetz
18.6%
52
Santayana
16.3%
59
Prokofiev
16.3%
61
Campanella
16.3%
67
Peron
16.3%
94
Bardot
16.3%
100
Payton
16.3%
101
Place
16.3%
111
Kerouac
16.3%
115
Lai
16.3%
136
Herr
16.3%
151
Payola
16.3%
162
eichman
16.3%
178
beetle
16.3%
227
ayatollahs
16.3%
66
Juan
14%
113
Chou
14%
121
Lebanon
14%
128
Weather
14%
148
U2
14%
56
Malenkov
11.6%
161
Hemingway
11.6%
68
Toscanini
9.3%
97
Khrushchev
9.3%
50
Marchiano
4.7%
150
Rhee
4.7%
190
bristish
2.3%
220
bacon
2.3%
149
Syngman
0%
Quiz Playlist
Details
Report
Send in Message
Add To Playlist
Classic:
Type in answers that appear in a list
Last Updated: Feb 16, 2017
Quiz Scoreboard
CHALLENGE
Sign Up to Join the Scoreboard
Show All
Scores
Hide
Comments
May contain spoilers
Recently Published
College Basketball Coaching Resumes
by pancakes188
Sports
9m
Billboard Blitz: Fleetwood Mac
by CooCooCachoo
Music
15s
Presidents Visiting Landmarks
by Hejman
History
7m
More to Explore
Quiz From the Vault
Featured Blog Post
Where Did the Easter Bunny Come From?
hide this ad
You Might Also Like...
Tags
fire
start
Today's Top Quizzes in Music
Browse Music
hide this ad
Today's Top Quizzes in fire
Browse fire
Top Contributed Quizzes in Music
1
Taylor Swift All Songs (2024)
2
7-to-1: Billboard Hot 100 #1 Hits of 2010s
3
Guess the Artist- 70s Songs
4
Sorting Albums and Songs
5
Taylor Swift Logic Puzzle
6
KPOP LOGIC QUIZ
7
Guess the Taylor Swift song (Mystery Song)
8
2010s Album by Cover III
9
One Thing in Common: Music
10
Guess The Taylor Swift Lyrics Song #1
Explore More
Trending Topics
Harry Potter
Anime
NBA
Kpop
Marvel
Crossword
Disney
Song
Country
The Office
Pokémon
NFL
Puzzle
WWE
Soccer
hide this ad
More By:
BlackPanther123
Quiz
Plays
Rating
Category
Featured
Created
Marvel real names
166
1.00
Miscellaneous
Aug 5, 2016
Batman villains' real names
109
1.00
Miscellaneous
Aug 14, 2016
Suicide Squad real names
72
Miscellaneous
Aug 5, 2016
Words to 'We didn't start the fire'
43
5.00
Music
Aug 5, 2016
Go to Creator's Profile
Score Distribution
Quiz Creator Spotlight
BlackPanther123
Follow
Send a Message
Quizzes Created
-
Created Quiz Play Count
-
More By This Creator
Popular Quizzes Today
1
Find the US States - No Outlines Minefield
2
Find the Countries of Europe - No Outlines Minefield
3
The Countries of the World
4
Find the US States
5
Risky Map Clicking: Biggest States A-Z
6
US States
7
Popular People in 1961
8
Movies - When Are They Set?
More Music Quizzes
Lose, Find, Know or Forget Songs
Published
Trending Quizzes
Risky Map Clicking: Least Populous States A-Z
1-10 Letter G Words
1-10 Letter F Words
Risky Map Clicking: Next State Alphabetically
Risky Map Clicking: Biggest States A-Z
Recently Updated
Leaping Animals
pecheneg
Reality TV Shows (A-Z)
bhenderson79
Rickey Henderson's Hall of Fame Teammates
pecheneg
Champions League XIs: Arsenal
pecheneg
Quick Pick: Celebrities in WWE's Hall of Fame
aduchscher
A-Z Keypad Blitz II
pecheneg
Multiple Oscar Actors
pecheneg
Mystery Phrase Blitz: Oscar 'Best Actors'
pecheneg
F. Scott Fitzgerald Novels
LTH
Pick 3 Villains
ddd62291
Trending Topics
NBA
Marvel
Disney
Harry Potter
Kpop
Crossword
Anime
NFL
The Office
WWE
Country
Song
Pokémon
Puzzle
Soccer
Your Account Isn't Verified!
In order to create a playlist on Sporcle, you need to verify the email address you used during registration. Go to your
Sporcle Settings
to finish the process.
Report this User
Report this user for behavior that violates our
Community Guidelines
.
Details:
Send Report
Go to the Sporcle.com Mobile Site →
Comments